000 00788nab a2200241 u 4500
001 18359
003 HDC
007 cr bn ---aaaaa
008 210226c20091112xx dr|noo 0 a eng d
040 _aHDC
245 0 _aNational halal forum to draw up sector's road map
260 _a[No place] :
_b[publisher not identified],
_c2009
336 _atext
_2rdacontent
337 _acomputer
_2rdamedia
338 _aonline resource
_2rdacarrier
650 _ahalal industry
_9144
650 _aNational halal forum
_917267
710 _aHalal Focus
856 _zRequest full-text at [email protected]
942 _2lcc
942 _cNEWS
942 _kNWSO 006032
999 _c15675
_d15675